00827 a2200193 4500003000500000005001700005010001600022020001500038040000900053082001600062100001800078245004500096260005100141300004300192505031700235650002000552650002500572650003600597NUST20230126131148.0 a 79458275 a0582313945 cNust00a909.009,GAL1 aGalbraith V.H14aThe study of history /c V.H.Galbraith . a Islamabad,bNational book Foundation ,c1969. aviii, 143 p.;bplate, 1 illus.c22 cm. aForeword: to the Reader (Page-v) PART-1: The historian at Work (Page-1), PART-2: Historical Research and the Preservation of the Past (Page-57), PART-3: Research in Action Who wrote Asser’s Life of Alfred (Page-88), Glossary (Page-129), Notes on the Text (Page-134), Some Books for Further Reading (Page-135).  0aHistoriography. 0aHistoryxPhilosophy. 0aPolitical sciencexMethodology.